000 00389nam a2200157Ia 4500
008 230917s9999||||xx |||||||||||||| ||und||
040 _e100554
_aMAIN
041 _aEnglish
082 _a005.43 T154M(2)
100 _aTanenbaum, Andrew S
245 0 _aModern operating systems
250 _a2nd ed.
260 _aNew Delhi
_bPearson Education
_c2003
300 _a951 p.
942 _cBK
999 _c110903
_d110903